| 000 | nam a22 7a 4500 | ||
|---|---|---|---|
| 999 |
_c129512 _d129512 |
||
| 008 | 190430b xxu||||| |||| 00| 0 eng d | ||
| 050 | _aBV210.5 G3 1953 | ||
| 100 |
_aSedding, Edward D. _946109 |
||
| 245 |
_aThe Hidden garden of prayer: _bof friendship with God in Ways of prayer _c/ by Edward D. Sedding |
||
| 260 |
_aLondon: _bS.P.C.K, _c1953. |
||
| 300 |
_axi, 145p. ; _c17cm. |
||
| 650 |
_aPrayer _946110 |
||
| 942 |
_2lcc _cMONOGRAPH |
||